Sport Stars by Picture and Letter -- 'S' - Statistics

General Stats
  • This quiz has been taken 130 times
  • The average score is 9 of 20
Answer Stats
Picture Hint Answer % Correct
Association Football : Egypt Mohamed Salah
90%
Motor Racing : Germany Michael Schumacher
86%
Association Football : Uruguay Luis Suárez
85%
Motor Racing : Brazil Ayrton Senna
78%
Tennis : United States Pete Sampras
67%
Tennis : Russia Maria Sharapova
65%
Association Football : Bulgaria Hristo Stoichkov
61%
Tennis : Yugoslavia / United States Monica Seles
54%
Tennis : Spain Arantxa Sánchez Vicario
50%
Tennis : Poland Iga Swiatek
46%
Swimming : United States Mark Spitz
45%
Tennis : Belarus Aryna Sabalenka
43%
Cricket : Australia Steve Smith
34%
Athletics : Cuba Javier Sotomayor
25%
Surfing : United States Kelly Slater
22%
Cycling : Slovakia Peter Sagan
21%
MMA : Canada Georges St-Pierre
17%
Cricket : Sri Lanka Kumar Sangakkara
17%
Swimming : Sweden Sarah Sjöström
12%
Athletics : Czech Republic Barbora Špotáková
9%
No matching quizzes found
Score Distribution
Percent of People with Each Score
Percentile by Number Answered
Your Score History
You have not taken this quiz